00711nam a2200169 a 4500008004100000020001800041050001600059100002200075245013400097260004400231300001900275650005900294650005900353650005900412650005200471700001800523130830s2011 ||||||||||||||||| || u a9781849290555 aHF 1611 Mor aMorrissey, Oliver14aThe impact of China and India on Sub-Saharan Africa: opportunities, challenges and policiescby Oliver Morrissey and Evious Zgovu aLondon:bCommonwealth Secretariatc2011 aix, 75p.: ill. aAFRICA, SUB-SAHARAN--FOREIGN ECONOMIC RELATIONS--INDIA aCHINA--FOREIGN ECONOMIC RELATIONS--AFRICA, SUB-SAHARAN aINDIA--FOREIGN ECONOMIC RELATIONS--AFRICA, SUB-SAHARAN aAFRICA, SUB-SAHARAN--FOREIGN ECONOMIC RELATIONS aZgovu, Evious